Equality (Record no. 4436)

MARC details
000 -CABECERA
campo de control de longitud fija 02583cam a2200301 a 4500
001 - NÚMERO DE CONTROL
campo de control 3726991
005 - FECHA Y HORA DE LA ÚLTIMA TRANSACCIÓN
campo de control 20241216121607.0
008 - DATOS DE LONGITUD FIJA--INFORMACIÓN GENERAL
campo de control de longitud fija 070410s2007 enka b 001 0 eng
010 ## - NÚMERO DE CONTROL DE LA BIBLIOTECA DEL CONGRESO
Número de control de LC 2007296319
015 ## - NÚMERO DE BIBLIOGRAFÍA NACIONAL
Número de bibliografía nacional GBA655852
Fuente bnb
020 ## - NÚMERO INTERNACIONAL ESTÁNDAR DEL LIBRO
Número Internacional Estándar del Libro 9780745627748 (pbk.)
035 ## - NÚMERO DE CONTROL DEL SISTEMA
Número de control de sistema (CaONFJC)cou00093955
040 ## - FUENTE DE LA CATALOGACIÓN
Centro catalogador/agencia de origen UKM
Centro/agencia transcriptor UKM
Centro/agencia modificador BAKER
-- BWKUK
-- YDXCP
-- OCLCQ
-- DLC
-- CaONFJC
-- UtOrBLW
042 ## - CÓDIGO DE AUTENTICACIÓN
Código de autenticación lccopycat
050 00 - SIGNATURA TOPOGRÁFICA DE LA BIBLIOTECA DEL CONGRESO
Número de clasificación JC575
Número de documento/Ítem .W54 2007
090 ## - LOCALMENTE ASIGNADO TIPO-LC NÚMERO DE CLASIFICACIÓN (OCLC); NÚMERO DE CLASIFICACIÓN LOCAL (RLIN)
Número de clasificación (OCLC) (R) ; Numero de clasificación, CALL (RLIN) (NR) JC575
Número cutter local (OCLC) ; Número de libro/Signatura topográfica íntegra, CALL (RLIN) .W54 2007
100 ## - ENTRADA PRINCIPAL--NOMBRE DE PERSONA
Nombre de persona White, Stuart Gordon,
Fechas asociadas al nombre 1966-
245 10 - MENCIÓN DE TÍTULO
Título Equality
Mención de responsabilidad, etc. / Stuart White.
260 ## - PUBLICACIÓN, DISTRIBUCIÓN, ETC.
Lugar de publicación, distribución, etc. Cambridge, UK ;
-- Malden, MA :
Nombre del editor, distribuidor, etc. Polity Press,
Fecha de publicación, distribución, etc. 2007.
300 ## - DESCRIPCIÓN FÍSICA
Extensión ix, 197 p. :
Otras características físicas ill. ;
Dimensiones 22 cm.
490 1# - MENCIÓN DE SERIE
Mención de serie Key concepts in the social sciences
504 ## - NOTA DE BIBLIOGRAFÍA, ETC.
Nota de bibliografía, etc. Includes bibliographical references (pages [174]-190) and index.
505 ## - NOTA DE CONTENIDO CON FORMATO
Información miscelánea The Demand for Equality — <br/>Democracy — <br/>Meritocracy — <br/>Luck Egalitarianism — <br/>Equality and Incentives — <br/>Equality and Difference — <br/>The Future of Equality.
520 ## - SUMARIO, ETC.
Sumario, etc. The demand for equality is central to modern politics. But what exactly do we mean by equality? Does it threaten other important values? Is it a demand we should support or question?<br/>This highly accessible book provides an engaging introduction to the concept of equality and to the debates, historical and contemporary, that surround it. It explains and critically considers how the demand for equality arises in different spheres.<br/><br/>In the political sphere, it explores the relationship between equality and democracy. In the economic and social spheres, it explores the ideal of meritocracy and more radical theories of egalitarian justice developed in the works of John Rawls and Ronald Dworkin. In the legal sphere, the book discusses the challenges that feminism and multiculturalism pose to conventional conceptions of equal citizenship.<br/><br/>It concludes with an examination of whether equality should go global, and by analyzing contemporary arguments for and against the continuing relevance of equality to the political life of affluent democracies. Throughout, the book considers the tensions internal to the demand for equality and between equality and other important values such as liberty and efficiency.<br/><br/>Drawing on political philosophy, sociology and the history of political thought, the book will be of interest to students and researchers in philosophy and the social sciences and anyone interested in the values that animate democratic political life.
650 #0 - PUNTO DE ACCESO ADICIONAL DE MATERIA--TÉRMINO DE MATERIA
Término de materia o nombre geográfico como elemento de entrada Equality
9 (RLIN) 7120
830 #0 - PUNTO DE ACCESO ADICIONAL DE SERIE-TÍTULO UNIFORME
Título uniforme Key concepts in the social sciences.
942 ## - ELEMENTOS DE ENTRADA AGREGADA (KOHA)
Fuente del sistema de clasificación o colocación Clasificación de Library of Congress
Holdings
Estado de retiro Estado de pérdida Fuente del sistema de clasificación o colocación Estado dañado No para préstamo Biblioteca de origen Biblioteca actual Fecha de adquisición Total de préstamos Renovaciones totales Signatura topográfica completa Código de barras Fecha visto por última vez Fecha del último préstamo Número de copia Precio válido a partir de Tipo de ítem Koha
    Clasificación de Library of Congress     TBS Barcelona TBS Barcelona 16/12/2024 1 1 JC575 WHI B05986 02/06/2025 18/03/2025 1 16/12/2024 Book

Powered by Koha